000 00714cam a22002533a 4500
001 32464
003 PGUSA
005 20140828083713.0
008 100521s2010||||xxu|||||s|||||000 | eng d
040 _aPGUSA
_beng
042 _adc
050 4 _aPR
100 1 _aFish, Simon,
_d-1531
245 1 2 _aA Supplication for the Beggars
_h[electronic resource] /
_cSimon Fish
260 _bProject Gutenberg,
_c2010
506 _aPublic domain in the USA.
516 _aElectronic text
653 _aFriars
653 _aMonasticism and religious orders -- England
700 1 _aArber, Edward,
_d1836-1912
830 0 _aProject Gutenberg
_v32464
856 4 0 _uhttp://www.gutenberg.org/ebooks/32464
942 _cEB
999 _c261719
_d261719